00294nam a2200121Ia 4500003000400000005001700004008004100021020001800062040001000080100001800090245004300108260002100151OSt20240320113240.0170524s9999 xx 000 0 und d a9788190426992 ciimtu aROY-H.J.GHOSH 2aA Text book of Accounting For Managers bNew Delhi : JBC